<?xml version="1.0" encoding="UTF-8"?>
<record
    xmlns:xsi="http://www.w3.org/2001/XMLSchema-instance"
    xsi:schemaLocation="http://www.loc.gov/MARC21/slim http://www.loc.gov/standards/marcxml/schema/MARC21slim.xsd"
    xmlns="http://www.loc.gov/MARC21/slim">

  <leader>00391nam a22001697a 4500</leader>
  <controlfield tag="003">3228</controlfield>
  <controlfield tag="005">20250220095254.0</controlfield>
  <controlfield tag="008"> eng </controlfield>
  <datafield tag="020" ind1=" " ind2=" ">
    <subfield code="a">9780141324098</subfield>
    <subfield code="q">pbk</subfield>
  </datafield>
  <datafield tag="040" ind1=" " ind2=" ">
    <subfield code="a">RDA</subfield>
    <subfield code="c">3228</subfield>
  </datafield>
  <datafield tag="082" ind1=" " ind2=" ">
    <subfield code="a">EJF ORR</subfield>
  </datafield>
  <datafield tag="100" ind1=" " ind2=" ">
    <subfield code="a">ORR WENDY</subfield>
    <subfield code="9">136675</subfield>
  </datafield>
  <datafield tag="245" ind1=" " ind2=" ">
    <subfield code="a">NIM AT SEA</subfield>
    <subfield code="c">ORR,WENDY</subfield>
    <subfield code="h">ENGLISH</subfield>
  </datafield>
  <datafield tag="260" ind1=" " ind2=" ">
    <subfield code="a">ENGLAND</subfield>
    <subfield code="b">PENGUIM GROUP</subfield>
    <subfield code="c">2007</subfield>
  </datafield>
  <datafield tag="300" ind1=" " ind2=" ">
    <subfield code="a">185 PAGES</subfield>
    <subfield code="c">19 CM</subfield>
  </datafield>
  <datafield tag="942" ind1=" " ind2=" ">
    <subfield code="2">ddc</subfield>
    <subfield code="c">BOOK</subfield>
    <subfield code="w">6786</subfield>
    <subfield code="x">Chimezie Obi</subfield>
    <subfield code="y">6786</subfield>
    <subfield code="z">Chimezie Obi</subfield>
  </datafield>
  <datafield tag="999" ind1=" " ind2=" ">
    <subfield code="c">772323</subfield>
    <subfield code="d">772322</subfield>
  </datafield>
  <datafield tag="952" ind1=" " ind2=" ">
    <subfield code="0">0</subfield>
    <subfield code="1">0</subfield>
    <subfield code="2">ddc</subfield>
    <subfield code="4">0</subfield>
    <subfield code="7">0</subfield>
    <subfield code="8">F</subfield>
    <subfield code="a">MBOMRL</subfield>
    <subfield code="b">KAMHL</subfield>
    <subfield code="c">CHILD</subfield>
    <subfield code="d">2025-02-20</subfield>
    <subfield code="g">156.00</subfield>
    <subfield code="o">EJF ORR</subfield>
    <subfield code="p">3322803165564</subfield>
    <subfield code="r">2025-02-20</subfield>
    <subfield code="w">2025-02-20</subfield>
    <subfield code="y">BOOK</subfield>
  </datafield>
</record>
